Вып. 14; Радиоэлектроника летательных аппаратов

書目詳細資料
Parent link:Радиоэлектроника летательных аппаратов: тематический сборник научных трудов/ Харьковский авиационный институт. Вып. 14.— , 1972-.— 0131-811X
語言:俄语
出版: 1984
主題:
格式: 圖書
KOHA link:https://koha.lib.tpu.ru/cgi-bin/koha/opac-detail.pl?biblionumber=281648

MARC

LEADER 00000nam0a2200000 4500
001 281648
005 20231101235425.0
020 |a RU  |b 88-33586 
035 |a (RuTPU)RU\TPU\book\305471 
090 |a 281648 
100 |a 20150124d1984 k y0rusy5003 ca 
101 0 |a rus 
102 |a UA 
105 |a a z 001zy 
200 0 |a Вып. 14 
210 |d 1984 
215 |a 202 с.  |c ил. 
320 |a Библиогр. в конце ст. 
461 |x 0131-811X  |t Радиоэлектроника летательных аппаратов  |o тематический сборник научных трудов  |f Харьковский авиационный институт  |v Вып. 14  |d 1972-  
606 |a Летательные аппараты  |x Радиоэлектронное оборудование  |x Эксплуатация  |2 stltpush  |3 (RuTPU)RU\TPU\subj\40133  |9 60004 
610 1 |a радиоэлектронные системы 
610 1 |a радиоэлектронные устройства 
610 1 |a цифровая обработка 
610 1 |a информация 
610 1 |a управление 
610 1 |a диагностика 
610 1 |a точностные характеристики 
610 1 |a радиоизображения 
675 |a 629.73.05:621.3  |z rus  |v 3 
801 0 |a RU  |b RuMRKP  |c 19950417  |g psbo 
801 1 |a RU  |b 63413507  |c 20150124 
801 2 |a RU  |b 63413507  |c 20170712  |g RCR 
942 |c BK